Thrust.

Gespeichert in:
Bibliographische Detailangaben
Späterer Titel:Thrust for educational leadership
Vorheriger Titel:Journal of secondary education
Körperschaft: Association of California School Administrators
Format: Zeitschrift
Sprache:English
Veröffentlicht: Burlingame, Calif. : Association of California School Administrators, c1971-1990.
Schlagworte:
LEADER 01892nas a2200433 a 4500
001 c000156506
003 CARM
005 20020205155423.0
008 770127d19711990caubx1p 0uuua0eng
010 |a 76648980 
019 1 |a 996876  |5 LACONCORD2021 
022 |a 0145-2061 
035 |a (OCoLC)2705494  |5 LACONCORD2021 
042 |a lc  |a nsdp 
043 |a n-us-ca 
050 0 0 |a LB2805  |b .T515 
210 0 |a Thrust  |b (Burlingame Calif.) 
222 1 0 |a Thrust  |b (Burlingame, Calif.) 
245 0 0 |a Thrust. 
246 1 3 |a Thrust for education leadership 
246 1 3 |a Thrust for educational leadership  |g (varies slightly) 
260 0 1 |a Burlingame, Calif. :  |b Association of California School Administrators,  |c c1971-1990. 
300 |a 19 v. :  |b ill. ;  |c 28 cm. 
310 |a 7 no. a year  |b <, May/June 1983>-May/June 1990 
321 |a Five or 6 no. a year,  |b Oct. 1971- 
362 0 |a Vol. 1, no. 1 (Oct. 1971)-v. 19, no. 7 (May/June 1990) 
510 1 |a Education index  |x 0013-1385 
530 |a Available on microfilm from University Microfilms International. 
650 0 |a School management and organization  |z California  |x Periodicals. 
710 2 0 |a Association of California School Administrators. 
780 0 2 |t Journal of secondary education  |w (DLC) 61002629 
785 0 0 |t Thrust for educational leadership  |x 1055-2243  |w (DLC) 91641574 
852 8 |b CARM  |h A2:AP17C4  |i D04216  |p 0143396  |f SE 
866 0 |a 4:1(1974:10)-19:7(1990:05/06) 
866 0 |a 4:1(1974:10)-19:7(1990:05/06) 
082 0 4 |a 371.2/009794 
265 |a 1575 Bayshore Highway, 94010 
999 f f |i 371ec2e8-aa29-539c-922e-590b58368d9a  |s bbd3a15c-c141-512f-b721-f6e4ceb48c5c 
952 f f |p Can circulate  |a CAVAL  |b CAVAL  |c CAVAL  |d CARM 1 Store  |e D04216  |f A2:AP17C4  |h Other scheme  |i book  |k  4:1(1974:10)-7:4(1978:03), 9:1(1979:10)-9:5(1980:05), 11:1(1981:10)-11:5(1982:05/06), 12:1(1982:09)-12:4(1983:01), 12:6(1983:04)-19:7(1990:05/06)  |m 0143396